<?xml version="1.0" encoding="UTF-8"?>
<record
    xmlns:xsi="http://www.w3.org/2001/XMLSchema-instance"
    xsi:schemaLocation="http://www.loc.gov/MARC21/slim http://www.loc.gov/standards/marcxml/schema/MARC21slim.xsd"
    xmlns="http://www.loc.gov/MARC21/slim">

  <leader>01184    a2200169   4500</leader>
  <controlfield tag="003">Nust</controlfield>
  <controlfield tag="005">20221011151822.0</controlfield>
  <datafield tag="040" ind1=" " ind2=" ">
    <subfield code="c">Nust</subfield>
  </datafield>
  <datafield tag="082" ind1=" " ind2=" ">
    <subfield code="a">540,CAL</subfield>
  </datafield>
  <datafield tag="100" ind1=" " ind2=" ">
    <subfield code="a">Caldwell,William</subfield>
    <subfield code="9">99920</subfield>
  </datafield>
  <datafield tag="245" ind1=" " ind2=" ">
    <subfield code="a">Chemistry</subfield>
    <subfield code="c">William  E Caldwell</subfield>
  </datafield>
  <datafield tag="250" ind1=" " ind2=" ">
    <subfield code="a">Vol:  1</subfield>
  </datafield>
  <datafield tag="260" ind1=" " ind2=" ">
    <subfield code="b">Cliffs Notes</subfield>
  </datafield>
  <datafield tag="300" ind1=" " ind2=" ">
    <subfield code="a">110:p</subfield>
  </datafield>
  <datafield tag="505" ind1=" " ind2=" ">
    <subfield code="a">Introduction To The Science Of Chemistry (Page-1), Laws Of Chemical Change (Page-5), Atoms And Substomic Particles (Page-9), The Structure And Behavior Of Atoms 1 (Page-13), The Structure And Behavior Of Atoms 2 (Page-17), Periodic Classification Of Elements (Page-21), Valence And Oxidation Number , Chemical Bond (Page-25), Formulas And Elementary Equations (Page-29), Compounds (Page-33), The Liquid State And Water (Page-37), The Gaseous State (Page-41), The Solid State (Page-45),  The Colloidal State (Page-49), Solutions (Page-53), The Ionization Theory (Page-57), Ionic Equilibria (Page-61), Weight And Volume Relations (Page-65), Reactions Rates And Chemical Equilibrium (Page-69), Oxidation And Reduction (Page-73), Electrochemistry (Page-77), Radioactivity And Stable Atomic Nuclei (Page-81),  Nuclear Chemistry (Page-89).</subfield>
  </datafield>
  <datafield tag="942" ind1=" " ind2=" ">
    <subfield code="2">ddc</subfield>
    <subfield code="c">BK</subfield>
  </datafield>
  <datafield tag="999" ind1=" " ind2=" ">
    <subfield code="c">183294</subfield>
    <subfield code="d">183294</subfield>
  </datafield>
  <datafield tag="952" ind1=" " ind2=" ">
    <subfield code="0">0</subfield>
    <subfield code="1">0</subfield>
    <subfield code="2">ddc</subfield>
    <subfield code="4">0</subfield>
    <subfield code="7">0</subfield>
    <subfield code="a">MCS</subfield>
    <subfield code="b">MCS</subfield>
    <subfield code="c">GEN</subfield>
    <subfield code="d">2016-12-12</subfield>
    <subfield code="o"> 540,CAL</subfield>
    <subfield code="p">MCS21240</subfield>
    <subfield code="r">2016-12-08</subfield>
    <subfield code="w">2016-12-12</subfield>
    <subfield code="y">BK</subfield>
    <subfield code="z">Almirah No.25, Shelf No.1</subfield>
  </datafield>
</record>
